=LDR 00000nam 2200000 4500 =001 INLIS000000000015097 =005 20130612110359 =008 ***********************************Ind** =035 ##$$0010-061300000015097 =041 ##$$a Ind =082 ##$$a 372.652.1 =090 ##$$a 372.652.1, PUL-b =100 ##$$a Pulungan, Eryda L =245 ##$$a Bahasa Inggris, untuk Pendidikan Dasar 9 Tahun, Eryda L.Pulungan M. pd =260 ##$$a 1995 $b Jakarta =300 ##$$a 168 hlm, Ilus, 22 cm =650 ##$$a Pendidikan Dasar-Pelajaran Bahasa Inggris =850 ##$$a NBPNMAT